Guess the billie eilish song by the lyrics - Statistics

General Stats
  • This quiz has been taken 26 times
  • The average score is 219 of 303
Answer Stats
Answer % Correct
a
100%
I
100%
the
95%
an
91%
And
91%
do
91%
Do
91%
Don't
91%
don't
91%
I'm
91%
When
91%
when
91%
you
91%
You
91%
you,
91%
from
86%
in
86%
So
86%
so
86%
to
86%
To
86%
were
86%
your
86%
away
82%
Be
82%
but
82%
But
82%
ever
82%
it
82%
me
82%
on
82%
than
82%
that
82%
Was
82%
was
82%
better
77%
call
77%
could
77%
happier
77%
my
77%
think
77%
this
77%
wasnt
77%
wasn't
77%
what
77%
about
73%
day
73%
even
73%
Give
73%
if
73%
of
73%
something
73%
Wish
73%
wish
73%
again
68%
Cause
68%
cause
68%
clever
68%
explain
68%
home
68%
letter
68%
made
68%
Made
68%
myself
68%
no
68%
or
68%
Or
68%
said
68%
talk
68%
tell
68%
true
68%
two
68%
write
68%
any
64%
avenue?
64%
benz
64%
Drivin'
64%
drunk
64%
for
64%
I'd
64%
internet
64%
interviews?
64%
knew
64%
more
64%
passin'
64%
read
64%
say
64%
shit
64%
skip
64%
through
64%
up
64%
way?
64%
weren't
64%
anything
59%
aware
59%
bad
59%
city
59%
death
59%
did
59%
friends
59%
fuckin'
59%
hate
59%
influence
59%
isn't
59%
know
59%
listen
59%
never
59%
Never
59%
only
59%
opposite
59%
scared
59%
under
59%
wastin'
59%
You'd
59%
you'd
59%
afraid
55%
anyone
55%
asked
55%
breath
55%
clearly
55%
cool
55%
fair
55%
fucking
55%
miserable
55%
relate
55%
shit's
55%
shitty
55%
tellin'
55%
told
55%
treat
55%
wanna
55%
end
50%
everything
50%
really
50%
all
45%
'em
45%
have
45%
Just
45%
make
45%
out
41%
sad
41%
time
41%
alone
36%
empty
36%
feel
36%
good
36%
leave
36%
line
36%
mind
36%
misunderstood
36%
showed
36%
try
36%
waste
36%
Always
32%
everytime
32%
kid
32%
moments
32%
mother
32%
own
32%
ruined
32%
Shut
32%
paid
23%
embarrissing
5%
No matching quizzes found
Score Distribution
Percent of People with Each Score
Percentile by Number Answered
Your Score History
You have not taken this quiz